| 000 | 00924nam a2200241 i 4500 | ||
|---|---|---|---|
| 001 | 18357 | ||
| 003 | DO-SdUEMH | ||
| 005 | 20260123164213.0 | ||
| 007 | ta | ||
| 008 | 260123s2011 dr a|||gr|||| 00| 0 spa d | ||
| 040 |
_aDO-SdUEMH _bspa _erda |
||
| 041 | _aspa | ||
| 082 | 1 | 4 | _mRD |
| 245 |
_aCódigo tributario anotado de la República Dominicana: _by legislación complementaria |
||
| 264 | 1 |
_aSanto Domingo, República Dominicana : _bAmigo del Hogar, _c2011 |
|
| 264 | 4 | _c©2011 | |
| 300 |
_a669 páginas : _bilustraciones ; _c22 cm. |
||
| 336 |
_2rdacontent _atexto _btxt |
||
| 337 |
_2rdamedia _asin mediación _bn |
||
| 338 |
_2rdacarrier _avolumen _bnc |
||
| 505 | 2 | _aDe las normas generales, procedimientos y sanciones tributarias -- Impuesto sobre la renta -- Impuesto sobre transferencias de bienes industrializados y servicios -- Del impuesto selectivo al consumo -- Impuesto sobre activos. | |
| 942 |
_2ddc _cBK _n0 |
||
| 999 |
_c18357 _d18357 |
||